000 00685nam a2200193Ia 4500
003 LDD
008 190117s9999 xx 000 0 und d
020 _a9788179757208
_c₹10000
040 _cLDD
041 _ahi
082 _a8H1.71 भा4601ह
100 _aमाहेश्वरी, अरुण
245 0 _aहरीश भदानी रचना समग्र क्यों करे प्रार्थना
_cअरुण माहेश्वरी
260 _bअनामिका
_c2017
300 _a5 भाग 465p
901 _aKKP
904 _aReqst by : J M Parakh
942 _2ddc
_cH
999 _c166238
_d166238